Základy numerickej matematiky a programovanie /

Salvato in:
Dettagli Bibliografici
Autore principale: Békésová, Sidónia (xxx)
Natura: Libro
Lingua:slovacco
Pubblicazione: Bratislava : Alfa, 1990
Edizione:2.prepr.vyd.
Soggetti:
Tags: Aggiungi Tag
Nessun Tag, puoi essere il primo ad aggiungerne!!

MARC

LEADER 00000nam a22000003a 4500
001 stu44982
005 20150617225718.0
008 950920s1990----cs------------------slo-d
020 |a 80-05-00212-2 
040 |a STU  |b slo 
041 0 |a slo 
044 |a cs 
080 |a 519.6(075.8)  |7 stu_us_auth*stu6964 
100 1 |a Békésová, Sidónia  |4 xxx 
245 1 |a Základy numerickej matematiky a programovanie /  |c Sidónia Békésová a kol 
250 |a 2.prepr.vyd. 
260 |a Bratislava :  |b Alfa,  |c 1990 
300 |a 244 s 
650 7 |a Matematika numerická  |2 stusub 
650 7 |a programovanie  |2 stusub 
996 |b 284M008782  |c M*S-558-142  |l MMKN  |s A  |a 24  |w stu44982_0002 
996 |b 284M008702  |c M*S-558-62  |l MMKN  |s A  |a 24  |w stu44982_0003 
996 |b 284M008703  |c M*S-558-63  |l MMKN  |s A  |a 24  |w stu44982_0004 
996 |b 284M008683  |c M*S-558-43  |l MMKN  |s A  |a 24  |w stu44982_0005 
996 |b 284M008684  |c M*S-558-44  |l MMKN  |s A  |a 24  |w stu44982_0006